000 00592nam a2200193Ia 4500
999 _c48444
_d48444
003 GCL
005 20240530104534.0
008 140319s9999 xx 000 0 ara d
040 _aGCL /
_cGCL
082 0 4 _a523.1
_bا هـ
100 1 _aاحمد مدحت اسلام
245 1 0 _aهل نحن وحدنا فى هذا الكون /
_cاحمد مدحت اسلام
250 _aالاولى
260 _aالقاهرة :
_bمركز الاهرام للترجمة والنشر ،
_c1990
300 _a279 ص ؛
_c30 سم
650 0 4 _aالفلك
650 0 4 _aالكون
942 _2ddc
_cBK